Countries of Europe by license plate prefix - Statistics

General Stats
  • This quiz has been taken 72 times
  • The average score is 30 of 45
Answers on the Map
Answers color-coded by a green-red scale on the quiz's map according to % correct below.
 
Answer Stats
Country Prefix % Correct
Belgium B
98%
Austria A
96%
Albania AL
94%
France F
94%
Germany D
92%
Greece GR
92%
Italy I
92%
Hungary H
90%
Luxembourg L
90%
Czech Republic CZ
88%
Malta M
85%
Portugal P
85%
Denmark DK
83%
Romania RO
81%
Norway N
79%
Spain E
77%
United Kingdom UK
77%
Poland PL
75%
Sweden S
75%
Finland FIN
73%
Latvia LV
73%
Netherlands NL
73%
Bulgaria BG
71%
Lithuania LT
71%
Estonia EST
69%
Ireland IRL
69%
Moldova MD
69%
Russia RUS
69%
Andorra AND
67%
Croatia HR
67%
Monaco MC
63%
Kosovo RKS
60%
Iceland IS
56%
Slovakia SK
54%
Slovenia SLO
52%
Bosnia and Herzegovina BIH
48%
Ukraine UA
48%
Switzerland CH
42%
Serbia SRB
40%
North Macedonia NMK
35%
Belarus BY
29%
Montenegro MNE
23%
Liechtenstein FL
19%
San Marino RSM
17%
Vatican City CV
10%
No matching quizzes found
Score Distribution
Percent of People with Each Score
Percentile by Number Answered
Your Score History
You have not taken this quiz